Revista Cooperativismo & Desarrollo

Detalles Bibliográficos
Formato: Libro
Lenguaje:español
Publicado: Medelln̕: Ediciones Universidad Cooperativa de Colombia, 2012 -
Materias:
Acceso en línea:Acceso restringido

MARC

LEADER 00000nam a22000007a 4500
005 2019102403393.0
007 cr|||| ||||
008 191024c20129999co fr|w ||||| 0|||b1spa d
022 |a 2382-4220 
035 |a 23753 
040 |a vLex 
090 |c 9958  |d 9958 
245 0 0 |a Revista Cooperativismo & Desarrollo  |h [Recurso electrn̤ico] / 
256 |a Servicio en ln̕ea 
260 |a Medelln̕:  |b Ediciones Universidad Cooperativa de Colombia,  |c 2012 - 
300 |a 1 recurso electrn̤ico 
310 |a Semestral 
506 1 |a Disponible solo en los productos indicados  |d vLex Global  |d vLex Global (Academic Edition, excluding Law Schools)  |d vLex Global (U.S. Academic Edition, Law Schools)  |d vLex Global (U.S. Academic Edition, excluding Law Schools)  |d vLex Global (Academic Edition, Law Schools) 
650 0 4 |a Derecho Pb︢lico y Administrativo  |z Colombia 
740 0 |a vLex Revistas (Servicio en ln̕ea) 
856 4 0 |u http://vlex.com/source/revista-cooperativismo-desarrollo-23753  |z Acceso restringido 
942 |c REV 
999 0 |a Public and Administrative Law